000 00492nam a2200181Ia 4500
005 20250508155727.0
008 008 250505s9999 xx 000 0 eng d
037 _aTextual
040 _aFEDL
_beng
_cFEDL
041 _aeng
_2eng
084 _a320.954, KOT
_qFEDL
100 _aKothari Rajni
245 0 _aPolitics in India
260 _aNew Delhi, India
_bOrient Longman Limited
_c1970
300 _axv,461p
942 _cTEXL
_h320.954, KOT
999 _c1358972
_d1358972